000 00329nam a2200133Ia 4500
008 220928s9999 xx 000 0 und d
082 _bPRA
100 _aPRASAD, SHIVA NATH
245 0 _aESSAYS IN BIOETHICS JAINA PERSPECTIVE
260 _bNIKHIL PRAKASHAN, JAIPUR
_c2021
300 _a236
650 _aGeneral
942 _cBK
999 _c208298
_d208298